[Event "Gonfreville l'Orcher II-Echiquier Berry"]
[Site "Lisieux"]
[Date "2008.03.16"]
[Round "8.6"]
[White "Chaumont, Adeline"]
[Black "Theon, Pierre"]
[Result "0-1"]
[WhiteElo "2063"]
[BlackElo "2127"]
[PlyCount "100"]
[EventDate "2008.03.15"]
[SourceDate "2007.10.25"]

1. d4 e6 2. c4 b6 3. a3 Bb7 4. Nc3 g6 5. e4 Bg7 6. Nf3 Ne7 7. d5 O-O 8. Be2 f5
9. e5 h6 10. h4 Na6 11. Bf4 Nc5 12. O-O Kh7 13. Rc1 Ne4 14. dxe6 dxe6 15. Qc2
Nxc3 16. Qxc3 Nc6 17. c5 Ne7 18. Rfd1 Nd5 19. Qc4 a5 20. Qa4 Qe8 21. Qxe8 Rfxe8
22. Bh2 Bf8 23. c6 Ba6 24. Bxa6 Rxa6 25. Nd4 Bc5 26. Nxe6 Rxe6 27. Rxd5 Rxc6
28. Rd7+ Kg8 29. Rcd1 Ra8 30. Bf4 Bf8 31. Re1 Re8 32. Re2 Bg7 33. Bg3 g5 34.
hxg5 hxg5 35. f4 Rc1+ 36. Kh2 Rf1 37. fxg5 f4 38. Bh4 Rxe5 39. Rc2 c5 40. Rcd2
Re3 41. Rb7 Bd4 42. Rxb6 Re4 43. Rb3 Bg1+ 44. Kh3 Be3 45. Rd7 Re8 46. Rbb7 Bd4
47. Re7 Rxe7 48. Rxe7 Bxb2 49. g6 Rh1+ 50. Kg4 Rxh4+ 0-1

[Event "Gonfreville l'Orcher II-Echiquier Berry"]
[Site "Lisieux"]
[Date "2008.03.16"]
[Round "8.7"]
[White "Vaugeois, Cyrille"]
[Black "Senderovic, Salko"]
[Result "1-0"]
[WhiteElo "2182"]
[BlackElo "2093"]
[PlyCount "65"]
[EventDate "2008.03.15"]
[SourceDate "2007.10.25"]

1. e4 e5 2. Nf3 Nc6 3. Nc3 Nf6 4. d4 exd4 5. Nxd4 Bc5 6. Be3 Nxd4 7. Bxd4 Bxd4
8. Qxd4 Qe7 9. Bd3 d6 10. O-O-O O-O 11. Rhe1 Qe5 12. Qe3 Ng4 13. Qd2 Qxh2 14.
Rh1 Qxg2 15. Nd5 f5 16. Nf4 Qxf2 17. Bc4+ Rf7 18. Bxf7+ Kxf7 19. Qd5+ Ke7 20.
Rhf1 Qe3+ 21. Kb1 Nf6 22. Qc4 Qc5 23. Qxc5 dxc5 24. e5 Ne4 25. Nd5+ Kf7 26.
Nxc7 Rb8 27. Rd8 g5 28. Rh1 Kg6 29. e6 h5 30. e7 Nf6 31. Nd5 Kf7 32. Re1 Ne8
33. Rxe8 1-0

[Event "Gonfreville l'Orcher II-Echiquier Berry"]
[Site "Lisieux"]
[Date "2008.03.16"]
[Round "8.8"]
[White "Fota, Daniel"]
[Black "Ferry, Justine"]
[Result "0-1"]
[WhiteElo "1922"]
[BlackElo "1885"]
[PlyCount "80"]
[EventDate "2008.03.15"]
[SourceDate "2007.10.25"]

1. d4 Nf6 2. Bg5 Ne4 3. Bf4 c5 4. f3 Qa5+ 5. c3 Nf6 6. Nd2 cxd4 7. Nb3 Qf5 8.
Qxd4 Nc6 9. Qd2 e5 10. Bg3 d5 11. e3 Be7 12. Bd3 Qe6 13. Ne2 O-O 14. O-O a5 15.
a4 b6 16. Bf2 Rd8 17. Qc2 e4 18. fxe4 dxe4 19. Bb5 Ba6 20. Nbd4 Nxd4 21. Nxd4
Qd6 22. Bg3 Qc5 23. Bxa6 Rxa6 24. Qe2 Ra7 25. Rad1 Rad7 26. Rf5 Rxd4 27. Rxc5
Rxd1+ 28. Be1 Bxc5 29. Kf2 R8d3 30. Qc2 Bxe3+ 31. Ke2 Bc5 32. b4 Be7 33. bxa5
bxa5 34. Qb3 Nd5 35. Qb8+ Bf8 36. c4 Nb4 37. Qe5 Nc2 38. Bxa5 Nd4+ 39. Kf2 e3+
40. Kg3 Bd6 0-1

[Event "Orleans-Lisieux"]
[Site "Lisieux"]
[Date "2008.03.16"]
[Round "8.1"]
[White "Perrin, Guillaume"]
[Black "Le Borgne, Pierre"]
[Result "1/2-1/2"]
[WhiteElo "2272"]
[BlackElo "2224"]
[PlyCount "72"]
[EventDate "2008.03.15"]
[SourceDate "2007.10.25"]

1. e4 d6 2. d4 Nf6 3. Nc3 Nbd7 4. Nf3 e5 5. Bc4 Be7 6. O-O O-O 7. Re1 a6 8. a4
b6 9. b3 Bb7 10. Ba3 c6 11. d5 c5 12. Nd2 g6 13. Bd3 Ne8 14. Nc4 f5 15. Bc1 f4
16. Rb1 Rc8 17. Bd2 Nef6 18. b4 g5 19. bxc5 Rxc5 20. Rb4 Qc7 21. Qb1 Bd8 22.
Qb2 Rf7 23. Rb1 h5 24. f3 g4 25. Be1 Rg7 26. Kh1 g3 27. hxg3 fxg3 28. Ne3 h4
29. Nf5 Rh7 30. Ne2 Bc8 31. Qc1 Rh5 32. Qe3 Nf8 33. c4 Qh7 34. f4 Ng4 35. Qf3
Nh2 36. Qe3 Ng4 1/2-1/2

[Event "Orleans-Lisieux"]
[Site "Lisieux"]
[Date "2008.03.16"]
[Round "8.2"]
[White "Decosse, Jean Fabien"]
[Black "Spitz, Christophe"]
[Result "1/2-1/2"]
[WhiteElo "2239"]
[BlackElo "2157"]
[PlyCount "88"]
[EventDate "2008.03.15"]
[SourceDate "2007.10.25"]

1. d4 Nf6 2. c4 e5 3. dxe5 Ng4 4. e3 Nxe5 5. Nh3 Be7 6. Be2 O-O 7. Nc3 Re8 8.
O-O d6 9. Nf4 Nbd7 10. b3 Nf6 11. Bb2 c6 12. f3 Qc7 13. Kh1 h6 14. e4 Bd7 15.
g3 Rad8 16. Rc1 Bc8 17. Rc2 g5 18. Nd3 Bh3 19. Re1 Be6 20. Rd2 g4 21. f4 Nxd3
22. Rxd3 d5 23. cxd5 cxd5 24. Nxd5 Nxd5 25. exd5 Bf5 26. Bxg4 Bxd3 27. Qxd3 Qd6
28. Rd1 Bf6 29. Bxf6 Qxf6 30. d6 Qb2 31. a4 Qa3 32. h4 Qc5 33. d7 Re3 34. Qd5
Re1+ 35. Kh2 Qg1+ 36. Kh3 Qf1+ 37. Kh2 Qf2+ 38. Kh3 Qf1+ 39. Kh2 Rxd1 40. Bxd1
Qf2+ 41. Kh3 Qf1+ 42. Kh2 Qf2+ 43. Kh3 Qf1+ 44. Kh2 Qf2+ 1/2-1/2

[Event "Orleans-Lisieux"]
[Site "Lisieux"]
[Date "2008.03.16"]
[Round "8.3"]
[White "Vaillant, Stephane"]
[Black "Coursaget, Nicolas"]
[Result "0-1"]
[WhiteElo "2015"]
[BlackElo "2315"]
[PlyCount "62"]
[EventDate "2008.03.15"]
[SourceDate "2007.10.25"]

1. d4 d5 2. Nf3 Nf6 3. c4 c6 4. Nc3 e6 5. cxd5 exd5 6. Bg5 Be7 7. Qc2 O-O 8. e3
Nbd7 9. Bd3 Re8 10. O-O Nf8 11. h3 Ne4 12. Bxe7 Qxe7 13. Rab1 Ng6 14. b4 a6 15.
a4 Nh4 16. Bxe4 dxe4 17. Nxh4 Qxh4 18. f4 Bxh3 19. gxh3 Qg3+ 20. Kh1 Qxh3+ 21.
Qh2 Qxe3 22. Nd1 Qxd4 23. Nf2 e3 24. Ng4 Rad8 25. Qg3 Rd6 26. Rg1 Rg6 27. f5
Qe4+ 28. Kh2 Qxf5 29. Rbf1 Qh5+ 30. Qh3 Qxh3+ 31. Kxh3 e2 0-1

[Event "Orleans-Lisieux"]
[Site "Lisieux"]
[Date "2008.03.16"]
[Round "8.4"]
[White "Marie, Maxime"]
[Black "Bernardin, Thierry"]
[Result "1-0"]
[WhiteElo "2238"]
[BlackElo "1983"]
[PlyCount "109"]
[EventDate "2008.03.15"]
[SourceDate "2007.10.25"]

1. c4 c6 2. e4 g6 3. Nc3 Bg7 4. d4 Na6 5. Be3 Nc7 6. d5 cxd5 7. cxd5 d6 8. Nf3
Nf6 9. h3 Bd7 10. Qb3 O-O 11. a4 b6 12. Be2 e5 13. Nd2 Be8 14. Nc4 Qe7 15. a5
b5 16. Nd2 a6 17. Na2 Bd7 18. Rc1 Rfc8 19. Nb4 Nfe8 20. O-O f5 21. Nc6 Bxc6 22.
Rxc6 Bf6 23. exf5 gxf5 24. Qc2 Qd7 25. Rc1 Bd8 26. Bb6 Qf7 27. Nf1 Rcb8 28. Ng3
Nxd5 29. Nxf5 Bg5 30. Be3 Nxe3 31. fxe3 Qe6 32. Bg4 Qg6 33. Rf1 Rd8 34. Rf3 Kh8
35. Rg3 Qf6 36. h4 Bh6 37. Rf3 Qg6 38. Nxh6 Qxh6 39. Qf5 Ng7 40. Qxe5 Qxh4 41.
Rxd6 Re8 42. Qd4 Qe1+ 43. Rf1 Qg3 44. Rd7 Qxe3+ 45. Qxe3 Rxe3 46. Rff7 Rg8 47.
Ra7 h5 48. Bxh5 Re6 49. Bf3 Rh6 50. Be4 Re6 51. Rxg7 Rxg7 52. Ra8+ Rg8 53.
Rxg8+ Kxg8 54. Bd5 Kf7 55. Kf2 1-0

[Event "Orleans-Lisieux"]
[Site "Lisieux"]
[Date "2008.03.16"]
[Round "8.5"]
[White "Gastal, Laurent"]
[Black "Barbini, Denis"]
[Result "1/2-1/2"]
[WhiteElo "1983"]
[BlackElo "2129"]
[PlyCount "86"]
[EventDate "2008.03.15"]
[SourceDate "2007.10.25"]

1. e4 d6 2. d4 Nf6 3. Nc3 g6 4. Nf3 c6 5. a4 a5 6. h3 Bg7 7. Bd3 Qc7 8. O-O
Nbd7 9. Be3 O-O 10. Qd2 e5 11. dxe5 dxe5 12. Rad1 Nh5 13. Bc4 Nf4 14. Ne2 Nf6
15. Ng3 Be6 16. Bxe6 Nxe6 17. Qd6 Qc8 18. Qa3 b5 19. c3 Qc7 20. Rd2 Rfd8 21.
Rfd1 Rxd2 22. Rxd2 Bf8 23. Qa2 Bc5 24. Ng5 Nxg5 25. Bxg5 Rd8 26. b3 Rxd2 27.
Qxd2 Qd7 28. Nf1 Qxd2 29. Nxd2 Kg7 30. Kf1 h6 31. Bh4 g5 32. Bg3 Nd7 33. Ke2 f6
34. f3 Kf7 35. Be1 Ke7 36. Kd3 Bb6 37. Kc2 Kd6 38. axb5 cxb5 39. c4 b4 40. Nf1
h5 41. Ng3 h4 42. Nf5+ Ke6 43. Ng7+ Kf7 1/2-1/2

[Event "Orleans-Lisieux"]
[Site "Lisieux"]
[Date "2008.03.16"]
[Round "8.6"]
[White "Bourdonnais, Loic"]
[Black "Maurel, Jean Louis"]
[Result "1-0"]
[WhiteElo "2190"]
[BlackElo "1987"]
[PlyCount "129"]
[EventDate "2008.03.15"]
[SourceDate "2007.10.25"]

1. c4 g6 2. g3 Bg7 3. Bg2 d6 4. Nc3 e5 5. e4 c6 6. Nge2 Be6 7. d3 f5 8. O-O Nf6
9. b3 O-O 10. exf5 gxf5 11. d4 Qc7 12. Ba3 Re8 13. dxe5 dxe5 14. Bd6 Qa5 15. b4
Qd8 16. c5 Bc4 17. Re1 Qd7 18. Qc2 Na6 19. Rad1 Nxb4 20. Qa4 Bxe2 21. Rxe2 Na6
22. Bxe5 Qf7 23. Bxc6 bxc6 24. Qxa6 Rxe5 25. Rxe5 Ng4 26. Qxc6 Rf8 27. f4 Nxe5
28. fxe5 Bxe5 29. Nd5 Kh8 30. Qa4 Rd8 31. Qb3 Qd7 32. Qc2 Qc6 33. Qc4 Rd7 34.
a4 a6 35. Kf2 Rg7 36. Nf4 Rg8 37. Qd5 Qc7 38. Ne2 f4 39. g4 Bf6 40. Qd6 Qg7 41.
Rd3 Be5 42. Qd5 Qg5 43. Rh3 Qg7 44. c6 Qa7+ 45. Kf1 Bg7 46. Nxf4 Rf8 47. Rf3
Qc7 48. Ne6 Rxf3+ 49. Qxf3 Qb6 50. Nxg7 Qb1+ 51. Kg2 Qc2+ 52. Kg3 Kxg7 53. g5
Kg8 54. Qd5+ Kg7 55. Qe5+ Kg8 56. c7 Qd3+ 57. Kg4 Qc4+ 58. Qf4 Qe2+ 59. Kf5
Qd3+ 60. Ke6 Qb3+ 61. Kd7 Qd5+ 62. Qd6 Qf7+ 63. Kc8 Qf5+ 64. Kb7 Qe4+ 65. Qc6
1-0

[Event "Orleans-Lisieux"]
[Site "Lisieux"]
[Date "2008.03.16"]
[Round "8.7"]
[White "Teixeira, Antonio"]
[Black "Blanche, Paul"]
[Result "0-1"]
[WhiteElo "1899"]
[BlackElo "2108"]
[PlyCount "110"]
[EventDate "2008.03.15"]
[SourceDate "2007.10.25"]

1. e4 c5 2. Nf3 Nc6 3. d4 cxd4 4. Nxd4 g6 5. Nc3 Bg7 6. Be3 Nf6 7. Be2 O-O 8.
O-O d5 9. Nxc6 bxc6 10. e5 Nd7 11. f4 f6 12. Nxd5 Nxe5 13. Nxe7+ Qxe7 14. fxe5
Qxe5 15. Qd4 Qxd4 16. Bxd4 Be6 17. b3 f5 18. Bxg7 Kxg7 19. Rad1 Rad8 20. Rxd8
Rxd8 21. Bd3 Kf6 22. Rf4 Ke5 23. Ra4 Rd7 24. Kf2 Bd5 25. g3 g5 26. Ke3 h5 27.
Rd4 c5 28. Ra4 h4 29. Bb5 hxg3 30. hxg3 Rh7 31. Bf1 Rh1 32. Kf2 Rh2+ 33. Ke3
Rxc2 34. Be2 Rc3+ 35. Kf2 f4 36. gxf4+ gxf4 37. Rxa7 Rc2 38. Ke1 Bg2 39. Bd3
Rb2 40. Re7+ Kd5 41. Re2 Rxe2+ 42. Bxe2 Ke4 43. Bc4 f3 44. Kd1 f2 45. Kc2 Kd4
46. a3 f1=Q 47. Bxf1 Bxf1 48. b4 c4 49. a4 c3 50. b5 Kc4 51. b6 Bd3+ 52. Kc1
Be4 53. a5 Bb7 54. Kb1 Kd3 55. Kc1 c2 0-1

[Event "Orleans-Lisieux"]
[Site "Lisieux"]
[Date "2008.03.16"]
[Round "8.8"]
[White "Nadin, Stephanie"]
[Black "Dinet, Virginie"]
[Result "1/2-1/2"]
[WhiteElo "1799"]
[BlackElo "1790"]
[PlyCount "110"]
[EventDate "2008.03.15"]
[SourceDate "2007.10.25"]

1. d4 d5 2. c4 Nf6 3. cxd5 Nxd5 4. e4 Nf6 5. Nc3 e6 6. Bg5 Be7 7. Nf3 Nbd7 8.
Rc1 O-O 9. Bd3 b6 10. O-O Bb7 11. Qc2 h6 12. Bxf6 Bxf6 13. Nb5 c5 14. Nd6 Qc7
15. Nxb7 Qxb7 16. e5 Be7 17. Be4 Qa6 18. Bxa8 Rxa8 19. Qe4 Rb8 20. d5 Qb7 21.
Rfd1 Re8 22. Qc4 b5 23. Qb3 c4 24. Rxc4 Nc5 25. Rxc5 Bxc5 26. d6 Rd8 27. a4 Qb6
28. Qxb5 Bxf2+ 29. Kf1 Qxb5+ 30. axb5 Bc5 31. Nd4 Bxd4 32. Rxd4 f6 33. exf6
gxf6 34. Kf2 Kf7 35. Ke3 e5 36. Ra4 Rd7 37. Rh4 Kg6 38. Ra4 Kf5 39. Rh4 Kg5 40.
Ra4 f5 41. Ra6 Kf6 42. b6 axb6 43. Rxb6 Ke6 44. h3 h5 45. Rb8 Rxd6 46. Rh8 f4+
47. Ke2 Kd5 48. Rxh5 Rb6 49. Rg5 Rxb2+ 50. Kf3 Rb3+ 51. Kf2 Kd4 52. Rg8 Rb2+
53. Kf3 Rb3+ 54. Kf2 Rb2+ 55. Kf3 Rb3+ 1/2-1/2

[Event "Evry Grand Roque II-Quimper"]
[Site "Rennes"]
[Date "2008.03.15"]
[Round "8.1"]
[White "Justo, Damian"]
[Black "Bleunven, Andre"]
[Result "1-0"]
[WhiteElo "2329"]
[BlackElo "2274"]
[PlyCount "75"]
[EventDate "2008.03.15"]
[SourceDate "2007.10.25"]

1. d4 Nf6 2. Nf3 e6 3. e3 b6 4. Bd3 Bb7 5. O-O c5 6. c4 d5 7. cxd5 exd5 8. Nc3
Nbd7 9. Ne5 a6 10. f4 b5 11. Qf3 b4 12. Na4 cxd4 13. exd4 Qc7 14. Qh3 Qa5 15.
b3 Nb6 16. Nc5 Bxc5 17. dxc5 Qxc5+ 18. Kh1 d4 19. Bd2 O-O 20. Rae1 Qd6 21. Ng4
Nbd5 22. Re5 g6 23. Rfe1 Nd7 24. Bc4 Kh8 25. Qd3 Nc3 26. Re7 Nc5 27. Qg3 N5e4
28. Qh4 Nxd2 29. Nf6 h5 30. Qg5 Kg7 31. Nxh5+ Kh7 32. Nf6+ Kg7 33. Nh5+ Kh7 34.
Bxf7 Rxf7 35. Rxf7+ Kg8 36. Rg7+ Kf8 37. Rxb7 Nxa2 38. Qh6+ 1-0

[Event "Evry Grand Roque II-Quimper"]
[Site "Rennes"]
[Date "2008.03.15"]
[Round "8.2"]
[White "Jolly, Jean Francois"]
[Black "Moussard, Jules"]
[Result "1/2-1/2"]
[WhiteElo "2290"]
[BlackElo "2241"]
[PlyCount "95"]
[EventDate "2008.03.15"]
[SourceDate "2007.10.25"]

1. d4 Nf6 2. c4 Nc6 3. Nc3 e5 4. d5 Ne7 5. e4 d6 6. h4 g6 7. Be2 Bg7 8. g4 h5
9. g5 Nd7 10. Nf3 O-O 11. Rb1 b6 12. b4 Bb7 13. Be3 Qc8 14. Qb3 c5 15. Nb5 Qb8
16. a3 Nc8 17. Rg1 a6 18. Nc3 Qc7 19. Kd2 Rb8 20. Qa4 Rd8 21. Rb2 Bf8 22. Rgb1
Be7 23. Ne1 Kh7 24. Qd1 Kg8 25. Nd3 Bf8 26. bxc5 dxc5 27. a4 Nd6 28. Qb3 Ba8
29. Qa2 Rdc8 30. Ke1 Bg7 31. a5 bxa5 32. Rxb8 Rxb8 33. Rxb8+ Qxb8 34. Nxc5 Qb4
35. Qb3 Nb6 36. Qxb4 axb4 37. Nxa6 Nbxc4 38. Nxb4 Nxe3 39. fxe3 Kf8 40. Kf2 Ke7
41. Bd3 Kd7 42. Nb5 Bf8 43. Nxd6 Bxd6 44. Bb5+ Ke7 45. Nd3 Bb7 46. Nb2 Bc8 47.
Nc4 Bc7 48. Kg2 1/2-1/2

[Event "Evry Grand Roque II-Quimper"]
[Site "Rennes"]
[Date "2008.03.15"]
[Round "8.3"]
[White "Maisuradze, Nino"]
[Black "Entem, Alan"]
[Result "1/2-1/2"]
[WhiteElo "2270"]
[BlackElo "2164"]
[PlyCount "172"]
[EventDate "2008.03.15"]
[SourceDate "2007.10.25"]

1. d4 g6 2. c4 Bg7 3. Nc3 c5 4. d5 Bxc3+ 5. bxc3 f5 6. Nf3 Qa5 7. Qc2 d6 8. a4
Nd7 9. Nd2 Ngf6 10. Nb3 Qa6 11. f3 Ne5 12. Bf4 Nxc4 13. e4 fxe4 14. fxe4 Ng4
15. Bd3 Nce3 16. Bxe3 c4 17. Qd2 cxd3 18. O-O Nxe3 19. Qxe3 Bg4 20. Qf4 Be2 21.
Qf7+ Kd8 22. Qg7 Re8 23. Rfb1 Rc8 24. Nd4 d2 25. Nxe2 Qxe2 26. Qd4 Rf8 27. Qxa7
Rxc3 28. Qa5+ Rc7 29. Qa8+ Kd7 30. Qxf8 Qe3+ 31. Kf1 Rc1+ 32. Rxc1 dxc1=Q+ 33.
Rxc1 Qxc1+ 34. Kf2 Qc2+ 35. Ke3 Qxg2 36. Qa8 Qh3+ 37. Kd4 Qb3 38. a5 Qd1+ 39.
Ke3 Qc1+ 40. Kf3 Qf1+ 41. Kg4 Qa6 42. Qb8 h6 43. h4 Qe2+ 44. Kf4 Qf1+ 45. Kg3
Qb1 46. Kf3 g5 47. hxg5 hxg5 48. Kg3 Qd3+ 49. Kf2 Qd2+ 50. Kf1 Qf4+ 51. Kg1
Qg3+ 52. Kf1 Qd3+ 53. Kf2 Qd4+ 54. Kf1 Qc4+ 55. Kf2 Qc3 56. Qg8 Qc2+ 57. Kf3
Qc3+ 58. Ke2 Qe5 59. Kd3 Qg3+ 60. Kc4 Qe5 61. Kb3 Qf6 62. Kc4 Qf1+ 63. Kd4 Qd1+
64. Ke3 Qe1+ 65. Kd3 Qxa5 66. Qe6+ Kd8 67. Qg8+ Kc7 68. Qxg5 Qa3+ 69. Kc2 Qa2+
70. Kc3 Qa1+ 71. Kc4 Qf1+ 72. Kb4 Qe1+ 73. Kb5 Qxe4 74. Qc1+ Kd7 75. Qg5 Qb1+
76. Ka5 Qb3 77. Qd2 Kc7 78. Qc1+ Kb8 79. Qg5 Ka7 80. Qxe7 Qa3+ 81. Kb5 Qc5+ 82.
Ka4 Qxd5 83. Kb4 Qd4+ 84. Ka5 d5 85. Kb5 Qc4+ 86. Ka5 Qd4 1/2-1/2

[Event "Evry Grand Roque II-Quimper"]
[Site "Rennes"]
[Date "2008.03.15"]
[Round "8.4"]
[White "Bollore, Jacques"]
[Black "Betton, Olivier"]
[Result "1-0"]
[WhiteElo "2119"]
[BlackElo "2197"]
[PlyCount "73"]
[EventDate "2008.03.15"]
[SourceDate "2007.10.25"]

1. e4 c6 2. Nc3 d5 3. Nf3 Bg4 4. h3 Bxf3 5. Qxf3 e6 6. b3 Nf6 7. Bb2 Bb4 8. e5
Nfd7 9. Qg4 Bf8 10. d4 a6 11. O-O-O c5 12. dxc5 h5 13. Qe2 Bxc5 14. g3 Qg5+ 15.
Kb1 Nc6 16. Na4 Ba7 17. Rd3 Rc8 18. f4 Qg6 19. Bg2 Nb4 20. Rc3 O-O 21. g4 b5
22. Rxc8 Rxc8 23. Nc3 Nc6 24. f5 Qg5 25. fxe6 fxe6 26. Nxd5 exd5 27. Bxd5+ Kh8
28. Bxc6 Nxe5 29. Bxe5 Rxc6 30. Rf1 Qe7 31. Bxg7+ Qxg7 32. Qe8+ Kh7 33. Qxc6
hxg4 34. hxg4 Bd4 35. Qe6 Qg6 36. Rh1+ Kg7 37. Qd7+ 1-0

[Event "Evry Grand Roque II-Quimper"]
[Site "Rennes"]
[Date "2008.03.15"]
[Round "8.5"]
[White "Guyard, Rodolphe"]
[Black "Bodenez, Claire"]
[Result "1/2-1/2"]
[WhiteElo "2115"]
[BlackElo "2042"]
[PlyCount "48"]
[EventDate "2008.03.15"]
[SourceDate "2007.10.25"]

1. f4 d5 2. b3 Nf6 3. Bb2 Bf5 4. Nf3 h6 5. e3 Nbd7 6. Be2 e6 7. O-O Bc5 8. Kh1
c6 9. Nc3 Qc7 10. Rc1 g5 11. Ne5 Rg8 12. d4 Bb4 13. Nb1 g4 14. c4 Qd8 15. Bc3
Bf8 16. Be1 h5 17. Bd3 Bxd3 18. Qxd3 Ne4 19. Nxd7 Qxd7 20. Nc3 Nxc3 21. Qxc3 f5
22. Bh4 Kf7 23. Rc2 Bd6 24. Qe1 Bc7 1/2-1/2

[Event "Evry Grand Roque II-Quimper"]
[Site "Rennes"]
[Date "2008.03.15"]
[Round "8.6"]
[White "Baudon, Andrew"]
[Black "Guillon, Cyril"]
[Result "1/2-1/2"]
[WhiteElo "1926"]
[BlackElo "2200"]
[PlyCount "144"]
[EventDate "2008.03.15"]
[SourceDate "2007.10.25"]

1. e4 c5 2. c3 Nf6 3. e5 Nd5 4. d4 cxd4 5. Nf3 Nc6 6. cxd4 e6 7. Nc3 Nxc3 8.
bxc3 Qc7 9. Bd2 b6 10. g3 Be7 11. Bg2 Ba6 12. Ng1 Rc8 13. Qg4 g6 14. Ne2 Na5
15. O-O h5 16. Qf3 Bb7 17. Qd3 Nc4 18. Bc1 Bxg2 19. Kxg2 h4 20. h3 Qc6+ 21. Kh2
Kf8 22. Rg1 Rh5 23. Nf4 Rf5 24. g4 Rxe5 25. Nxg6+ fxg6 26. Qxg6 Re3 27. Qh6+
Ke8 28. Bxe3 Nxe3 29. Qxe3 Bd6+ 30. f4 Qxc3 31. Qxc3 Bxf4+ 32. Kg2 Rxc3 33. Rh1
Rg3+ 34. Kf1 Rd3 35. Ke2 Rxd4 36. Rhd1 Ra4 37. a3 Be5 38. Ra2 d5 39. Kf3 Bd6
40. g5 Kf7 41. Re1 e5 42. Rd1 Rf4+ 43. Kg2 Ke6 44. Rf2 Rxf2+ 45. Kxf2 Bxa3 46.
Kf3 Kf5 47. Rxd5 Bb2 48. Rd7 a5 49. g6 Kxg6 50. Rd6+ Kf5 51. Rxb6 Bc1 52. Ra6
Bd2 53. Ke2 Bb4 54. Ke3 Bc5+ 55. Ke2 Bb4 56. Ke3 Be1 57. Ke2 Bc3 58. Kd3 Bb4
59. Ke3 e4 60. Ra8 Bc5+ 61. Ke2 Kf4 62. Rxa5 Bg1 63. Kf1 Bb6 64. Ra4 Kf3 65.
Rxe4 Kxe4 66. Kg2 Bc7 67. Kf2 Be5 68. Kg2 Ke3 69. Kg1 Kf3 70. Kh1 Kg3 71. Kg1
Kxh3 72. Kh1 Bd4 1/2-1/2

[Event "Evry Grand Roque II-Quimper"]
[Site "Rennes"]
[Date "2008.03.15"]
[Round "8.7"]
[White "Roumegous, Etienne"]
[Black "Le Du, Michel"]
[Result "1-0"]
[WhiteElo "2097"]
[BlackElo "1958"]
[PlyCount "103"]
[EventDate "2008.03.15"]
[SourceDate "2007.10.25"]

1. d4 g6 2. c4 Nf6 3. f3 d5 4. cxd5 Nxd5 5. e4 Nb6 6. Be3 Bg7 7. Qd2 Nc6 8. Bb5
O-O 9. Na3 Nxd4 10. O-O-O c5 11. Ne2 e5 12. Nc3 Be6 13. Be2 a6 14. Kb1 Qe7 15.
h4 Rfd8 16. Qe1 f6 17. g4 Qf7 18. Rc1 Rac8 19. Bd1 Nc4 20. Nxc4 Bxc4 21. f4 b5
22. Ka1 Qc7 23. fxe5 Qxe5 24. Qf2 Bd3 25. Re1 b4 26. Na4 c4 27. Nb6 Rc6 28. Nd5
Bxe4 29. Nxb4 Rcd6 30. Bf4 Qc5 31. Bxd6 Nb3+ 32. Bxb3 Qxf2 33. Bxc4+ Kh8 34.
Rxe4 f5 35. Re2 Qd4 36. Nc6 Qxd6 37. Nxd8 Qxd8 38. Bxa6 Bf8 39. gxf5 Qxh4 40.
fxg6 hxg6 41. a3 Kg7 42. Re6 Qd4 43. Ka2 Bd6 44. Rc3 Be5 45. Rb3 Qd5 46. Reb6
g5 47. Bd3 Bf4 48. Ka1 Qh1+ 49. Bb1 Qd5 50. Rb7+ Kf6 51. R3b6+ Bd6 52. Rd7 1-0

[Event "Evry Grand Roque II-Quimper"]
[Site "Rennes"]
[Date "2008.03.15"]
[Round "8.8"]
[White "Brient, Yoann"]
[Black "Neuhauser, Salome"]
[Result "1-0"]
[WhiteElo "1871"]
[BlackElo "1954"]
[PlyCount "77"]
[EventDate "2008.03.15"]
[SourceDate "2007.10.25"]

1. d4 Nf6 2. c4 e6 3. Nf3 Bb4+ 4. Bd2 Qe7 5. a3 Bxd2+ 6. Nbxd2 d6 7. g3 O-O 8.
Bg2 e5 9. dxe5 dxe5 10. Qb3 c6 11. O-O Bg4 12. h3 Bf5 13. Rfd1 Re8 14. Qc3 Nbd7
15. b4 Rad8 16. Nh4 Be6 17. e4 g6 18. c5 Nh5 19. Nhf3 f6 20. Nc4 Rf8 21. Nd6
Nb8 22. Rd2 Ng7 23. Rad1 Ne8 24. Nf5 gxf5 25. Rxd8 Nd7 26. exf5 Bxf5 27. Ra8 a6
28. a4 Kg7 29. Nh4 Be6 30. Ra7 Qd8 31. Rxb7 Qc8 32. Ra7 Rf7 33. Qd3 Nb8 34.
Rxf7+ Bxf7 35. Qd8 Qb7 36. Nf5+ Kf8 37. Qb6 Qc8 38. Be4 Nd7 39. Qxc6 1-0

[Event "Rennes Paul Bert-Gif sur Yvette"]
[Site "Rennes"]
[Date "2008.03.15"]
[Round "8.1"]
[White "Monroy, Charles"]
[Black "Kulaots, Kaido"]
[Result "0-1"]
[WhiteElo "2380"]
[BlackElo "2533"]
[PlyCount "80"]
[EventDate "2008.03.16"]
[SourceDate "2007.10.25"]

1. Nf3 Nf6 2. c4 e6 3. g3 d5 4. d4 Bb4+ 5. Bd2 Be7 6. Bg2 O-O 7. O-O c6 8. Qc2
Nbd7 9. Bf4 a5 10. b3 Nh5 11. Bc1 a4 12. Ba3 Bxa3 13. Nxa3 Qe7 14. Qb2 Nhf6 15.
b4 Ne4 16. Rfc1 Rd8 17. cxd5 exd5 18. b5 c5 19. dxc5 Ndxc5 20. Nc2 a3 21. Qe5
Be6 22. Ncd4 f6 23. Qf4 Ra4 24. Qe3 Bd7 25. Rc2 Re8 26. Rac1 Qf8 27. Nb3 b6 28.
Nxc5 Nxc5 29. Qd2 Bxb5 30. Qxd5+ Kh8 31. Rd2 Bxe2 32. Re1 Rae4 33. Rb1 Bc4 34.
Qc6 b5 35. Bf1 Rc8 36. Qb6 Na4 37. Qa5 Ra8 38. Qc7 Nc3 39. Rc1 Nxa2 40. Rcd1
Nc3 0-1

[Event "Rennes Paul Bert-Gif sur Yvette"]
[Site "Rennes"]
[Date "2008.03.15"]
[Round "8.2"]
[White "Seret, Jean Luc"]
[Black "Demanghon, Jonathan"]
[Result "1-0"]
[WhiteElo "2380"]
[BlackElo "2221"]
[PlyCount "67"]
[EventDate "2008.03.16"]
[SourceDate "2007.10.25"]

1. e4 e6 2. d4 d5 3. e5 c5 4. Nf3 Nc6 5. Bd3 cxd4 6. O-O f5 7. a3 Nh6 8. Bxh6
gxh6 9. Nbd2 Bg7 10. Re1 Bd7 11. b4 O-O 12. Nb3 Rc8 13. Nbxd4 Nxd4 14. Nxd4 Qb6
15. Nb3 Ba4 16. Nc5 Qc6 17. Qe2 b6 18. Nxa4 Qxa4 19. Bb5 Qxc2 20. Bd7 Qxe2 21.
Rxe2 Rc3 22. Bxe6+ Kh8 23. f4 d4 24. Rd2 Rd8 25. g3 h5 26. Bxf5 h4 27. Kg2 Bf8
28. Rad1 hxg3 29. hxg3 Rxa3 30. Rxd4 Rxd4 31. Rxd4 Rb3 32. Rd8 Kg7 33. Rd7+ Kg8
34. Be6+ 1-0

[Event "Rennes Paul Bert-Gif sur Yvette"]
[Site "Rennes"]
[Date "2008.03.15"]
[Round "8.3"]
[White "Le Montagner, Yoann"]
[Black "Dubois, Jean Marie"]
[Result "1-0"]
[WhiteElo "2026"]
[BlackElo "2280"]
[PlyCount "57"]
[EventDate "2008.03.16"]
[SourceDate "2007.10.25"]

1. e4 Nf6 2. e5 Nd5 3. c4 Nb6 4. c5 Nd5 5. Nc3 e6 6. d4 Nxc3 7. bxc3 b6 8. Rb1
bxc5 9. Ba3 Nc6 10. Nf3 Be7 11. d5 exd5 12. Qxd5 Rb8 13. Rxb8 Nxb8 14. Bxc5 Nc6
15. Bd3 Bxc5 16. Qxc5 Qe7 17. Qd5 Bb7 18. O-O O-O 19. Rb1 Ba8 20. Bf5 d6 21.
exd6 cxd6 22. Bxh7+ Kxh7 23. Qh5+ Kg8 24. Ng5 Qxg5 25. Qxg5 Re8 26. h3 Ne5 27.
Qd2 Be4 28. Re1 Bc6 29. f4 1-0

[Event "Rennes Paul Bert-Gif sur Yvette"]
[Site "Rennes"]
[Date "2008.03.15"]
[Round "8.4"]
[White "Seret, Jean Renaud"]
[Black "Aurin, Marcel"]
[Result "1-0"]
[WhiteElo "2199"]
[BlackElo "2034"]
[PlyCount "91"]
[EventDate "2008.03.16"]
[SourceDate "2007.10.25"]

1. e4 e6 2. d4 d5 3. Nd2 Nf6 4. Bd3 c5 5. e5 Nfd7 6. c3 Nc6 7. Ngf3 Qb6 8. Qa4
cxd4 9. cxd4 f6 10. O-O Qb4 11. Qxb4 Bxb4 12. exf6 gxf6 13. a3 Bd6 14. b4 Kf7
15. Bb2 a5 16. b5 Ne7 17. a4 b6 18. Rfe1 Ng6 19. g3 Bb7 20. h4 Rhg8 21. Kh2
Rac8 22. Re2 Rg7 23. Rae1 Ngf8 24. h5 Bb4 25. Rg1 Bd6 26. Kh3 Re8 27. g4 Bf4
28. Nf1 Rc8 29. Ng3 Rc7 30. Nh4 Bc8 31. Ng2 Bd6 32. f4 Rg8 33. Rf1 Rg7 34. Nh4
Kg8 35. h6 Re7 36. Nh5 Kf7 37. Rfe1 Ng6 38. Nxg6 hxg6 39. Ng7 Nf8 40. f5 exf5
41. gxf5 Rxe2 42. Rxe2 Ba3 43. Bxa3 Rc3 44. Bxf8 Rxd3+ 45. Kg2 gxf5 46. h7 1-0

[Event "Rennes Paul Bert-Gif sur Yvette"]
[Site "Rennes"]
[Date "2008.03.15"]
[Round "8.5"]
[White "Bleuzen, Erwan"]
[Black "Leitner, Walter"]
[Result "0-1"]
[WhiteElo "2022"]
[BlackElo "2115"]
[PlyCount "54"]
[EventDate "2008.03.16"]
[SourceDate "2007.10.25"]

1. d4 Nf6 2. c4 e6 3. Nf3 b6 4. Nc3 Bb4 5. Qc2 Bb7 6. e3 O-O 7. Bd3 d6 8. e4
Bxc3+ 9. bxc3 h6 10. e5 dxe5 11. dxe5 Nfd7 12. Be4 Bxe4 13. Qxe4 Na6 14. O-O
Nac5 15. Qg4 f5 16. Qg3 Kh7 17. Nd4 Qe7 18. f4 Ne4 19. Qe3 Ndc5 20. Qe2 Qf7 21.
Be3 a5 22. Rad1 Qe8 23. Nb5 Qc6 24. Nd4 Qb7 25. Nb5 Rad8 26. Rd4 c6 27. Rfd1
Qe7 {suite illisible} 0-1